[Event "CYCC U10"]
[Site "Ottawa CAN"]
[Date "2013.07.11"]
[Round "4"]
[White "Gaisinsky, Adam"]
[Black "Tinica, Gabriel"]
[Result "1-0"]
[WhiteElo "1460"]
[BlackElo "1132"]
[PlyCount "73"]
[GameId "2160767909318043"]
[EventDate "2013.07.10"]
[EventType "swiss"]
[EventRounds "6"]
[EventCountry "CAN"]
[SourceTitle "hb 2013"]

1. d4 Nf6 2. c4 g6 3. Nf3 Bg7 4. Bf4 O-O 5. e3 d6 6. Be2 Nbd7 7. O-O Re8 8. Nbd2 e5 9. dxe5 dxe5 10. Bg3 Nh5 11. Bh4 Nhf6 12. Qc2 h6 13. Rfd1 g5 14. Bg3 c6 15. Ne4 Qc7 16. Nd6 Re7 17. Nf5 Re8 18. h3 Qb6 19. Rac1 e4 20. N3d4 c5 21. Nb3 Nf8 22. Nxg7 Kxg7 23. Rd6 Qb4 24. a3 Qa4 25. Nxc5 Qxc2 26. Rxc2 b6 27. Nb3 Bb7 28. Rcd2 Ne6 29. Rd1 Rac8 30. Be5 Ba6 31. Nd2 Bb7 32. Nf1 Ba6 33. Ng3 Kg6 34. Bxf6 Kxf6 35. Nxe4+ Ke5 36. R1d5+ Kxe4 37. Bf3# 1-0

[Event "CYCC U10"]
[Site "Ottawa CAN"]
[Date "2013.07.11"]
[Round "4"]
[White "Grossmann, Lenard"]
[Black "Sivapathasundaram, Manojh"]
[Result "1-0"]
[WhiteElo "1614"]
[BlackElo "1224"]
[PlyCount "101"]
[GameId "2160767909318044"]
[EventDate "2013.07.10"]
[EventType "swiss"]
[EventRounds "6"]
[EventCountry "CAN"]
[SourceTitle "hb 2013"]

1. d4 Nf6 2. Nf3 g6 3. c4 Bg7 4. Nc3 O-O 5. e4 d6 6. Be2 Bg4 7. Be3 Nbd7 8. O-O c5 9. d5 Nb6 10. Nd2 Bxe2 11. Qxe2 e6 12. a4 exd5 13. cxd5 Qe7 14. f3 Rac8 15. a5 Nbd7 16. a6 b6 17. Nb5 Ne5 18. Bf4 Nh5 19. Bxe5 Bxe5 20. Nc4 Nf4 21. Qd2 Rfd8 22. Nxe5 dxe5 23. g3 Qg5 24. Kh1 Nh3 25. Qxg5 Nxg5 26. h4 Nxe4 27. fxe4 Rd7 28. Rf6 Kg7 29. Rd6 Re7 30. Rf1 c4 31. Rff6 Rc5 32. Nc3 Ra5 33. Rc6 Rxa6 34. Rf2 Ra1+ 35. Kg2 Kf8 36. Rxc4 Ra5 37. b4 Ra3 38. Nb5 Ra4 39. Rb2 a6 40. Nd6 b5 41. Rc8+ Kg7 42. Ne8+ Kh6 43. d6 Rd7 44. Rc7 Rd8 45. d7 Ra3 46. Rd2 a5 47. bxa5 Rxa5 48. Rc8 Ra8 49. Rxa8 Rxa8 50. d8=Q Rxd8 51. Rxd8 1-0

[Event "CYCC U10"]
[Site "Ottawa CAN"]
[Date "2013.07.11"]
[Round "4"]
[White "Ju, Lawrence"]
[Black "Li, Jack"]
[Result "1-0"]
[WhiteElo "1426"]
[BlackElo "1117"]
[PlyCount "47"]
[GameId "2160767909318049"]
[EventDate "2013.07.10"]
[EventType "swiss"]
[EventRounds "6"]
[EventCountry "CAN"]
[SourceTitle "hb 2013"]

1. d4 d5 2. c4 c6 3. Nc3 Nf6 4. Nf3 e6 5. Bg5 Be7 6. e3 O-O 7. Rc1 h6 8. Bh4 Nbd7 9. cxd5 cxd5 10. Bd3 Nb6 11. O-O Bd7 12. Qe2 Nc8 13. Ne5 Nd6 14. Nxd7 Qxd7 15. Rc2 a6 16. Rfc1 Nfe4 17. Bxe7 Qxe7 18. Nxe4 dxe4 19. Bc4 b5 20. Bb3 Qd7 21. Rc7 Qd8 22. Qg4 a5 23. Bxe6 fxe6 24. Qxg7# 1-0

[Event "CYCC U10"]
[Site "Ottawa CAN"]
[Date "2013.07.11"]
[Round "4"]
[White "Pulfer, Luke"]
[Black "Ming, Wenyang"]
[Result "1-0"]
[WhiteElo "1645"]
[BlackElo "1851"]
[PlyCount "83"]
[GameId "2160767909318052"]
[EventDate "2013.07.10"]
[EventType "swiss"]
[EventRounds "6"]
[EventCountry "CAN"]
[SourceTitle "EXT 2022"]
[Source "ChessBase"]
[SourceDate "2021.10.06"]
[SourceVersion "1"]
[SourceVersionDate "2021.10.06"]
[SourceQuality "1"]

1. d4 Nf6 2. c4 c5 3. e3 g6 4. Nc3 Bg7 5. Nf3 O-O 6. Bd3 cxd4 7. exd4 d5 8. O-O Nc6 9. h3 dxc4 10. Bxc4 e6 11. Be3 a6 12. a3 b5 13. Bd3 Bb7 14. Qe2 Ne7 15. Rac1 Rc8 16. Rfd1 Nfd5 17. Nxd5 Qxd5 18. b4 Nf5 19. Rc5 Qd6 20. Bxf5 exf5 21. Rdc1 f4 22. Rxc8 Bxc8 23. Bd2 Bb7 24. Bc3 Rc8 25. Rc2 Qc6 26. Qf1 Qe4 27. Re2 Qd3 28. Re8+ Rxe8 29. Qxd3 Be4 30. Qd2 Bh6 31. d5 Bg7 32. Bxg7 Kxg7 33. Qxf4 Kg8 34. d6 Bf5 35. Qd4 Rc8 36. Qf6 Re8 37. Ne5 Be6 38. d7 Bxd7 39. Qxf7+ Kh8 40. Nxd7 Re1+ 41. Kh2 a5 42. Qf8# 1-0

[Event "CYCC U10"]
[Site "Ottawa CAN"]
[Date "2013.07.11"]
[Round "4"]
[White "Qu, Leo"]
[Black "Jia, Yu Luo"]
[Result "1-0"]
[WhiteElo "942"]
[BlackElo "770"]
[PlyCount "113"]
[GameId "2160767909318053"]
[EventDate "2013.07.10"]
[EventType "swiss"]
[EventRounds "6"]
[EventCountry "CAN"]
[SourceTitle "hb 2013"]

1. d4 d5 2. c4 e6 3. Nc3 Nf6 4. Bg5 Bb4 5. Nf3 Nc6 6. e3 O-O 7. Bd3 Na5 8. cxd5 Bxc3+ 9. bxc3 exd5 10. O-O h6 11. Bh4 Nc4 12. Ne5 Nb2 13. Qc2 Nxd3 14. Qxd3 Qd6 15. c4 dxc4 16. Qxc4 Be6 17. Qd3 Ng4 18. Bg3 Nxe5 19. Bxe5 Qe7 20. Rac1 c6 21. a4 Qg5 22. e4 b5 23. axb5 cxb5 24. Qxb5 Bh3 25. g3 Bxf1 26. Rxf1 Rac8 27. f4 Qg4 28. d5 Qh3 29. Qb2 f6 30. Bd4 Rc7 31. Qa2 Kh7 32. Qa3 Rc2 33. Rf2 Rfc8 34. Be3 R8c3 35. Qa1 Rxe3 36. Rxc2 Rxe4 37. Qb1 h5 38. Re2 f5 39. Rxe4 fxe4 40. Qxe4+ g6 41. Qe7+ Kh6 42. Qxa7 Qc8 43. Qe3 Qd7 44. f5+ g5 45. Qe6+ Qxe6 46. fxe6 Kg7 47. d6 Kf6 48. d7 Kxe6 49. d8=Q h4 50. gxh4 gxh4 51. Kf2 Kf5 52. Qf8+ Kg4 53. Qf6 h3 54. Ke3 Kh5 55. Qg7 Kh4 56. Kf4 Kh5 57. Qg5# 1-0

[Event "CYCC U10"]
[Site "Ottawa CAN"]
[Date "2013.07.11"]
[Round "4"]
[White "Richardson, Kai"]
[Black "Liu, Daniel1"]
[Result "1-0"]
[WhiteElo "1626"]
[BlackElo "1689"]
[PlyCount "125"]
[GameId "2160767909318056"]
[EventDate "2013.07.10"]
[EventType "swiss"]
[EventRounds "6"]
[EventCountry "CAN"]
[SourceTitle "EXT 2022"]
[Source "ChessBase"]
[SourceDate "2021.10.06"]
[SourceVersion "1"]
[SourceVersionDate "2021.10.06"]
[SourceQuality "1"]

1. d4 d5 2. c4 c6 3. Nf3 Nf6 4. Nc3 e6 5. Bg5 Bb4 6. e3 h6 7. Bh4 O-O 8. Bd3 Nbd7 9. O-O Re8 10. a3 Be7 11. Qc2 Nf8 12. h3 dxc4 13. Bxc4 Ng6 14. Bg3 Nd5 15. Nxd5 cxd5 16. Bd3 f5 17. a4 a6 18. Rfc1 Bd6 19. Bxd6 Qxd6 20. Qc5 Qxc5 21. Rxc5 Bd7 22. Nd2 Rac8 23. a5 Rxc5 24. dxc5 e5 25. b4 e4 26. Be2 Ne5 27. Nb3 Nc6 28. b5 axb5 29. Bxb5 Ne5 30. Nd4 Bxb5 31. Nxb5 Nc4 32. Nd4 g6 33. c6 bxc6 34. Nxc6 Kf7 35. a6 Rc8 36. a7 Nb6 37. Ne5+ Kg7 38. Rb1 Na8 39. Rb8 Rc1+ 40. Kh2 Ra1 41. Rxa8 Ra6 42. Nxg6 h5 43. Ne7 f4 44. Rg8+ Kf7 45. a8=Q Rxa8 46. Rxa8 Kxe7 47. exf4 d4 48. Ra4 d3 49. Rxe4+ Kf6 50. Rd4 Kf5 51. Rxd3 Kxf4 52. g3+ Kf5 53. Re3 Kg5 54. f4+ Kf5 55. Re5+ Kg6 56. g4 hxg4 57. hxg4 Kf6 58. g5+ Kg6 59. Kg3 Kf7 60. f5 Kg7 61. Re7+ Kf8 62. f6 Kg8 63. g6 1-0

[Event "CYCC U10"]
[Site "Ottawa CAN"]
[Date "2013.07.11"]
[Round "4"]
[White "Surya, Benito"]
[Black "Guo, Thomas"]
[Result "0-1"]
[WhiteElo "1736"]
[BlackElo "1608"]
[PlyCount "76"]
[GameId "2160767909318059"]
[EventDate "2013.07.10"]
[EventType "swiss"]
[EventRounds "6"]
[EventCountry "CAN"]
[SourceTitle "hb 2013"]

1. e4 e6 2. d3 d5 3. Qe2 Nf6 4. Nf3 b6 5. g3 dxe4 6. dxe4 Ba6 7. c4 Bb7 8. Nbd2 Bb4 9. a3 Bxd2+ 10. Nxd2 Nc6 11. Bg2 O-O 12. O-O Nd4 13. Qd1 c5 14. Re1 Nd7 15. f4 f6 16. Nb3 e5 17. Be3 Bc6 18. Nxd4 cxd4 19. Bf2 a5 20. Rc1 Nc5 21. Kh1 Ba4 22. Qf3 d3 23. Bxc5 bxc5 24. Rf1 d2 25. Rb1 d1=Q 26. Rbxd1 Bxd1 27. Rxd1 Qc7 28. Bh3 Qb6 29. Rd7 Rad8 30. Re7 Qd6 31. Ra7 Qb6 32. Re7 Qxb2 33. Be6+ Kh8 34. Bd5 Rb8 35. Qf1 Qc2 36. Rb7 Rxb7 37. Bxb7 Rb8 38. Qh3 Qb1+ 0-1

[Event "CYCC U10"]
[Site "Ottawa CAN"]
[Date "2013.07.11"]
[Round "4"]
[White "Wang, Alex1"]
[Black "Demers, Alexis"]
[Result "1-0"]
[WhiteElo "1339"]
[BlackElo "1094"]
[PlyCount "89"]
[GameId "2160767909318060"]
[EventDate "2013.07.10"]
[EventType "swiss"]
[EventRounds "6"]
[EventCountry "CAN"]
[SourceTitle "EXT 2022"]
[Source "ChessBase"]
[SourceDate "2021.10.06"]
[SourceVersion "1"]
[SourceVersionDate "2021.10.06"]
[SourceQuality "1"]

1. d4 Nf6 2. c4 g6 3. Nc3 Bg7 4. e4 d6 5. Nf3 O-O 6. Be2 c5 7. d5 e6 8. O-O exd5 9. exd5 Bf5 10. Bd3 Bxd3 11. Qxd3 Nbd7 12. Bf4 Qe7 13. Nb5 Qd8 14. Bxd6 Re8 15. Nc7 Ne4 16. Nxe8 Qxe8 17. Rfe1 Ndf6 18. Nd2 Qd7 19. Nxe4 Nxe4 20. Qxe4 Qxd6 21. Qe7 Qb6 22. Rab1 Bf8 23. Qe2 Bd6 24. Red1 Qb4 25. Qd3 Re8 26. a3 Qa5 27. Qd2 Qc7 28. g3 Re4 29. Qc2 Rg4 30. f3 Rg5 31. b4 Bxg3 32. Rd2 Bf2+ 33. Kxf2 Qxh2+ 34. Ke3 Re5+ 35. Kd3 Qf4 36. Kc3 cxb4+ 37. axb4 Re3+ 38. Rd3 Qe5+ 39. Kb3 Re2 40. Qc3 Qh2 41. Re3 Rxe3 42. Qxe3 Qd6 43. Re1 b5 44. Qe8+ Kg7 45. Qe5+ 1-0

[Event "CYCC U10"]
[Site "Ottawa CAN"]
[Date "2013.07.11"]
[Round "4"]
[White "Zhang, Clark"]
[Black "Reny, Alex"]
[Result "1-0"]
[WhiteElo "994"]
[BlackElo "1067"]
[PlyCount "59"]
[GameId "2160767909318063"]
[EventDate "2013.07.10"]
[EventType "swiss"]
[EventRounds "6"]
[EventCountry "CAN"]
[SourceTitle "hb 2013"]

1. e4 e5 2. Nf3 Nc6 3. Bc4 Nf6 4. Ng5 d5 5. exd5 Nd4 6. c3 b5 7. cxd4 bxc4 8. dxe5 Qxd5 9. O-O Bb7 10. Nf3 Ne4 11. Nc3 Nxc3 12. dxc3 Qe6 13. Nd4 Qg6 14. Qa4+ Kd8 15. f3 Kc8 16. Qxc4 Ba6 17. Qd5 Rb8 18. Re1 Bb7 19. Qc4 Ba6 20. Qa4 Bc5 21. Kh1 Qd3 22. Rd1 Qg6 23. b4 Bb6 24. Nc6 Qe6 25. Nxb8 Kxb8 26. Qxa6 Qc6 27. Bb2 Re8 28. Rab1 Ka8 29. c4 Be3 30. Qxc6+ 1-0

[Event "CYCC U10"]
[Site "Ottawa CAN"]
[Date "2013.07.12"]
[Round "5"]
[White "Feng, Devin"]
[Black "McTaggart, Aleksandre"]
[Result "1-0"]
[WhiteElo "736"]
[BlackElo "971"]
[PlyCount "59"]
[GameId "2160767909318070"]
[EventDate "2013.07.10"]
[EventType "swiss"]
[EventRounds "6"]
[EventCountry "CAN"]
[SourceTitle "hb 2013"]

1. d4 e5 2. dxe5 Bc5 3. Nh3 Nh6 4. Bf4 Ng4 5. e3 h6 6. Qxg4 d5 7. Qd1 Qh4 8. Nc3 g5 9. Bg3 Qb4 10. Rb1 Qb6 11. Bd3 h5 12. Nxg5 Bg4 13. Be2 Be6 14. O-O Nd7 15. Na4 Qc6 16. Nxc5 Nxc5 17. b3 O-O-O 18. a4 Rhg8 19. Bb5 Qb6 20. Nxe6 Qxe6 21. b4 Ne4 22. Bh4 f6 23. f3 Nc3 24. Qd4 Nxb1 25. Rxb1 Qf7 26. Bxf6 Rg6 27. Bh4 Qg7 28. Bf1 b6 29. a5 bxa5 30. bxa5 1-0

[Event "CYCC U10"]
[Site "Ottawa CAN"]
[Date "2013.07.12"]
[Round "5"]
[White "Guo, Thomas"]
[Black "Richardson, Kai"]
[Result "0-1"]
[WhiteElo "1608"]
[BlackElo "1678"]
[PlyCount "124"]
[GameId "2160767909318072"]
[EventDate "2013.07.10"]
[EventType "swiss"]
[EventRounds "6"]
[EventCountry "CAN"]
[SourceTitle "EXT 2022"]
[Source "ChessBase"]
[SourceDate "2021.10.06"]
[SourceVersion "1"]
[SourceVersionDate "2021.10.06"]
[SourceQuality "1"]

1. e4 c5 2. Nf3 Nc6 3. Bb5 d6 4. d3 a6 5. Bxc6+ bxc6 6. h3 e5 7. O-O Be7 8. a3 Nf6 9. Nc3 O-O 10. Bd2 Rb8 11. Rb1 Qc7 12. Ne2 d5 13. exd5 cxd5 14. Nxe5 Bd6 15. Nf3 d4 16. b4 Rd8 17. bxc5 Bxc5 18. Bf4 Bd6 19. Bxd6 Qxd6 20. Rxb8 Qxb8 21. Nexd4 Qf4 22. Nc6 Re8 23. Re1 Rxe1+ 24. Nxe1 Qd6 25. Na5 Qxa3 26. Nc4 Qc3 27. Qd2 Qxd2 28. Nxd2 a5 29. Nc4 a4 30. Na3 Nd5 31. Kf1 Nc3 32. Nf3 f6 33. Ke1 Bb7 34. Kd2 Bxf3 35. gxf3 Nd5 36. c4 Nf4 37. h4 g5 38. hxg5 fxg5 39. d4 h5 40. Nc2 a3 41. Kc3 h4 42. Ne3 Ne2+ 43. Kb3 Nxd4+ 44. Kxa3 Nc2+ 45. Ka4 Nxe3 46. c5 Nd5 47. c6 h3 48. Kb5 h2 49. Kc5 h1=Q 50. Kxd5 Qd1+ 51. Kc5 Qd8 52. Kb5 Kf7 53. Ka6 Qc7 54. Kb5 Ke6 55. Kc5 Ke5 56. Kb5 Kd5 57. Kb4 Qxc6 58. Kb3 Kd4 59. Kb2 Kd3 60. Kb1 Qc2+ 61. Ka1 Kc3 62. f4 Qb2# 0-1

[Event "CYCC U10"]
[Site "Ottawa CAN"]
[Date "2013.07.12"]
[Round "5"]
[White "Liu, Daniel1"]
[Black "Ju, Lawrence"]
[Result "0-1"]
[WhiteElo "1689"]
[BlackElo "1426"]
[PlyCount "140"]
[GameId "2160767909318077"]
[EventDate "2013.07.10"]
[EventType "swiss"]
[EventRounds "6"]
[EventCountry "CAN"]
[SourceTitle "EXT 2022"]
[Source "ChessBase"]
[SourceDate "2021.10.06"]
[SourceVersion "1"]
[SourceVersionDate "2021.10.06"]
[SourceQuality "1"]

1. e4 c5 2. Nf3 Nc6 3. Bb5 a6 4. Bxc6 bxc6 5. d3 d6 6. h3 Nf6 7. O-O g6 8. Nc3 Bg7 9. Be3 Be6 10. Re1 O-O 11. d4 cxd4 12. Nxd4 Bd7 13. f4 c5 14. Nf3 Rb8 15. Rb1 Bc6 16. Qd3 Qc7 17. Bf2 Rfd8 18. Qxa6 Nh5 19. Qc4 Nxf4 20. Bg3 Ne6 21. Kh1 Rb4 22. Qd3 Qa5 23. a3 Rxb2 24. Rxb2 Bxc3 25. Rbb1 Bxe1 26. Bxe1 Qa8 27. Nd2 Nf4 28. Qe3 Ne6 29. Bh4 Re8 30. Kh2 Nd4 31. Rf1 f5 32. exf5 Bxg2 33. Rg1 Nxf5 34. Qe6+ Kg7 35. Bf2 Bd5 36. Qxf5 Rf8 37. Bd4+ cxd4 38. Qg5 Rf2+ 39. Kg3 Rf7 40. Kh4 e5 41. Rg4 Be6 42. Re4 Qxa3 43. Qg3 Qxg3+ 44. Kxg3 Bf5 45. Re1 Bxc2 46. Nc4 d3 47. Nd2 Rf5 48. Ra1 d5 49. Ra7+ Kh6 50. h4 e4 51. Rd7 e3 52. Nf3 Rxf3+ 53. Kxf3 d2 54. Rxd5 d1=Q+ 55. Rxd1 Bxd1+ 56. Kxe3 Kh5 57. Kf2 Kxh4 58. Kg1 g5 59. Kg2 g4 60. Kh1 Kh3 61. Kg1 g3 62. Kh1 g2+ 63. Kg1 h5 64. Kf2 Kh2 65. Ke1 g1=Q+ 66. Kd2 Qg3 67. Kxd1 Qf2 68. Kc1 Kg3 69. Kd1 h4 70. Kc1 h3 0-1

[Event "CYCC U10"]
[Site "Ottawa CAN"]
[Date "2013.07.12"]
[Round "5"]
[White "Low, Ethan"]
[Black "Surya, Benito"]
[Result "1/2-1/2"]
[WhiteElo "1105"]
[BlackElo "1736"]
[PlyCount "152"]
[GameId "2160767909318078"]
[EventDate "2013.07.10"]
[EventType "swiss"]
[EventRounds "6"]
[EventCountry "CAN"]
[SourceTitle "hb 2013"]

1. e4 e5 2. Nf3 Nc6 3. Bc4 Bc5 4. c3 Nf6 5. d3 O-O 6. O-O d6 7. Nbd2 h6 8. Qe2 Be6 9. Bxe6 fxe6 10. b4 Bb6 11. a4 a6 12. Ba3 Re8 13. Nc4 Ba7 14. b5 axb5 15. axb5 Ne7 16. Qb2 b6 17. Qe2 Qd7 18. Rfb1 Ng6 19. g3 Nh7 20. Ra2 Reb8 21. Qb2 Rb7 22. Rba1 Bb8 23. Qb3 Nhf8 24. Bb2 Rxa2 25. Rxa2 Qc8 26. Ra6 Ra7 27. Qa4 Rxa6 28. bxa6 Ba7 29. Nfd2 Nd7 30. Qc6 Ne7 31. Nxd6 cxd6 32. Qxd6 Kf7 33. Nc4 Bb8 34. Qb4 Qc7 35. d4 exd4 36. cxd4 Nc6 37. Qb3 Kf8 38. Ba3+ Kg8 39. d5 Nd8 40. dxe6 Nxe6 41. Nd6 Ndf8 42. f4 Kh7 43. Qd5 Kh8 44. f5 Nd8 45. Nb5 Qc2 46. a7 Qe2 47. Qd4 Qe1+ 48. Kg2 Qe2+ 49. Qf2 Qxe4+ 50. Kh3 Nf7 51. Bc1 Bd6 52. Nxd6 Nxd6 53. Qf4 Qa8 54. Qxd6 Qxa7 55. Qxf8+ Kh7 56. f6 Qd7+ 57. Kg2 Qd5+ 58. Kf2 Qf5+ 59. Bf4 Qc2+ 60. Ke3 Qc3+ 61. Ke4 Qc4+ 62. Ke5 Qb5+ 63. Ke6 Qc4+ 64. Ke7 Qe4+ 65. Kf7 Qd5+ 66. Ke7 Qe4+ 67. Kd7 Qa4+ 68. Kc7 Qa7+ 69. Kc6 Qa4+ 70. Kd5 Qb5+ 71. Ke6 Qc4+ 72. Kf5 Qd3+ 73. Ke6 Qc4+ 74. Kf5 Qd3+ 75. Kg4 Qe2+ 76. Kh3 Qh5+ 1/2-1/2

[Event "CYCC U10"]
[Site "Ottawa CAN"]
[Date "2013.07.12"]
[Round "5"]
[White "Ming, Wenyang"]
[Black "Feng, Richard"]
[Result "1/2-1/2"]
[WhiteElo "1851"]
[BlackElo "1364"]
[PlyCount "51"]
[GameId "2160767909318079"]
[EventDate "2013.07.10"]
[EventType "swiss"]
[EventRounds "6"]
[EventCountry "CAN"]
[SourceTitle "hb 2013"]

1. e4 c5 2. Ne2 d6 3. g3 Nf6 4. Bg2 g6 5. c3 Bg7 6. d4 cxd4 7. cxd4 Nc6 8. Nbc3 O-O 9. O-O Bd7 10. h3 Qc8 11. Kh2 Nh5 12. g4 Nf6 13. Be3 Qc7 14. Rc1 Qd8 15. Qd2 e6 16. f4 Ne7 17. e5 dxe5 18. fxe5 Nfd5 19. Bh6 Bc6 20. Ne4 f5 21. exf6 Nxf6 22. Bxg7 Kxg7 23. Nc5 Qd6+ 24. Qf4 Nxg4+ 25. hxg4 Rxf4 26. Nxf4 1/2-1/2

[Event "CYCC U10"]
[Site "Ottawa CAN"]
[Date "2013.07.12"]
[Round "5"]
[White "Reny, Alex"]
[Black "Jia, Yu Luo"]
[Result "1-0"]
[WhiteElo "1067"]
[BlackElo "770"]
[PlyCount "99"]
[GameId "2160767909318081"]
[EventDate "2013.07.10"]
[EventType "swiss"]
[EventRounds "6"]
[EventCountry "CAN"]
[SourceTitle "hb 2013"]

1. e4 e5 2. Nf3 Nc6 3. Bb5 Nf6 4. Nc3 Bc5 5. O-O O-O 6. d3 a6 7. Ba4 b5 8. Bb3 d6 9. h3 Nh5 10. Nxe5 Nxe5 11. Qxh5 b4 12. Nd5 Be6 13. Be3 Bxd5 14. Bxd5 c6 15. Bb3 Ng6 16. Bxc5 dxc5 17. Qxc5 Nh4 18. Qe3 Re8 19. Qf4 g5 20. Qxf7+ Kh8 21. d4 Rxe4 22. c3 Re7 23. Qf6+ Rg7 24. Qxd8+ Rxd8 25. Rfe1 g4 26. Re3 gxh3 27. g3 Nf5 28. Rf3 Rf8 29. Re1 h5 30. Rxf5 Rxf5 31. Re8+ Kh7 32. Bc2 bxc3 33. Bxf5+ Kh6 34. bxc3 Kg5 35. Re5 Kf6 36. Bxh3 h4 37. Re6+ Kf7 38. Rxc6 Rg5 39. Kh2 hxg3+ 40. fxg3 Ra5 41. Be6+ Ke7 42. Bb3 Rh5+ 43. Kg2 a5 44. Rc7+ Kd6 45. Ra7 Kc6 46. d5+ Kb6 47. Ra8 Kc5 48. Bc2 Kc4 49. d6 Rh7 50. Bxh7 1-0

[Event "CYCC U10"]
[Site "Ottawa CAN"]
[Date "2013.07.12"]
[Round "5"]
[White "Talukdar, Rohan"]
[Black "Huang, Qiuyu"]
[Result "1-0"]
[WhiteElo "1532"]
[BlackElo "1238"]
[PlyCount "81"]
[GameId "2160767909318083"]
[EventDate "2013.07.10"]
[EventType "swiss"]
[EventRounds "6"]
[EventCountry "CAN"]
[SourceTitle "EXT 2022"]
[Source "ChessBase"]
[SourceDate "2021.10.06"]
[SourceVersion "1"]
[SourceVersionDate "2021.10.06"]
[SourceQuality "1"]

1. d4 d5 2. c4 e6 3. Nc3 Nf6 4. Bf4 Bb4 5. e3 Ne4 6. Qc2 O-O 7. a3 Bxc3+ 8. bxc3 c6 9. Bd3 f5 10. f3 Nf6 11. c5 Nbd7 12. Ne2 b6 13. c4 bxc5 14. cxd5 Nxd5 15. Bc4 Rf6 16. Bg5 Qa5+ 17. Kf2 Rg6 18. h4 h6 19. Bxd5 cxd5 20. Nf4 hxg5 21. Nxg6 cxd4 22. Ne7+ Kf7 23. Nxc8 dxe3+ 24. Kxe3 d4+ 25. Kf2 Rxc8 26. Qd3 Qb6 27. Rad1 Qb2+ 28. Rd2 Qb6 29. hxg5 Ne5 30. Qxd4 Qxd4+ 31. Rxd4 Rc2+ 32. Kg3 Kg6 33. Re1 Rc5 34. f4 Rc3+ 35. Kh4 Nd3 36. Rxe6+ Kf7 37. Red6 Ne1 38. Rd2 Rxa3 39. Re2 Nd3 40. g6+ Kf8 41. Rd8# 1-0

[Event "CYCC U10"]
[Site "Ottawa CAN"]
[Date "2013.07.12"]
[Round "5"]
[White "Zhang, Clark"]
[Black "Gaisinsky, Adam"]
[Result "0-1"]
[WhiteElo "994"]
[BlackElo "1460"]
[PlyCount "54"]
[GameId "2160767909318086"]
[EventDate "2013.07.10"]
[EventType "swiss"]
[EventRounds "6"]
[EventCountry "CAN"]
[SourceTitle "hb 2013"]

1. e4 c6 2. d4 d5 3. Nc3 dxe4 4. Nxe4 Bf5 5. Ng3 Bg6 6. Nf3 Nf6 7. Bf4 e6 8. Bc4 Bd6 9. Bg5 Nbd7 10. Nh4 Bxg3 11. Nxg6 Bxf2+ 12. Kxf2 hxg6 13. Kg1 Qb6 14. Bb3 c5 15. c3 cxd4 16. Qxd4 Qxd4+ 17. cxd4 Rc8 18. Re1 Rh5 19. h4 b5 20. d5 e5 21. Bd1 Rh8 22. Bb3 a5 23. a4 b4 24. Bf4 e4 25. g4 Kd8 26. g5 Nh5 27. Rxe4 Nc5 0-1

[Event "CYCC U10"]
[Site "Ottawa CAN"]
[Date "2013.07.21"]
[Round "5"]
[White "Wang, Alex1"]
[Black "Grossmann, Lenard"]
[Result "0-1"]
[WhiteElo "1614"]
[BlackElo "1339"]
[PlyCount "76"]
[GameId "2160767909318088"]
[EventDate "2013.07.10"]
[EventType "swiss"]
[EventRounds "6"]
[EventCountry "CAN"]
[SourceTitle "EXT 2022"]
[Source "ChessBase"]
[SourceDate "2021.10.06"]
[SourceVersion "1"]
[SourceVersionDate "2021.10.06"]
[SourceQuality "1"]

1. d4 e6 2. c4 d5 3. Nc3 Nf6 4. Nf3 Bb4 5. Bd2 c6 6. e3 Nbd7 7. Be2 O-O 8. O-O a5 9. a3 Bxc3 10. Bxc3 Ne4 11. Nd2 f5 12. Nxe4 fxe4 13. b4 axb4 14. axb4 Rxa1 15. Qxa1 Qg5 16. b5 dxc4 17. bxc6 bxc6 18. Bxc4 Nb6 19. Ba6 Bd7 20. Bb4 Ra8 21. Qa2 Bc8 22. f4 Qf5 23. Bc5 Rxa6 24. Qb2 Nd7 25. Rc1 Ra5 26. Qc3 Rb5 27. Bd6 Bb7 28. Be5 Nxe5 29. dxe5 g5 30. Qd4 Rd5 31. Qa7 Qf7 32. Rf1 g4 33. Qb8+ Kg7 34. Ra1 Rd7 35. Ra7 Qe7 36. f5 Rd1+ 37. Kf2 Qh4+ 38. g3 Qxh2# 0-1

[Event "CYCC U10"]
[Site "Ottawa CAN"]
[Date "2013.07.31"]
[Round "5"]
[White "Hua, Eugene"]
[Black "Pulfer, Luke"]
[Result "0-1"]
[WhiteElo "1868"]
[BlackElo "1645"]
[PlyCount "228"]
[GameId "2160767909318089"]
[EventDate "2013.07.10"]
[EventType "swiss"]
[EventRounds "6"]
[EventCountry "CAN"]
[SourceTitle "EXT 2022"]
[Source "ChessBase"]
[SourceDate "2021.10.06"]
[SourceVersion "1"]
[SourceVersionDate "2021.10.06"]
[SourceQuality "1"]

1. e4 e5 2. Nf3 Nc6 3. Bc4 Nf6 4. d3 Be7 5. O-O d6 6. h3 O-O 7. Nc3 Na5 8. Bb3 Nxb3 9. axb3 h6 10. Be3 c5 11. Qd2 Be6 12. Ra2 Qd7 13. Rfa1 a6 14. Ra3 Qc6 15. Ne2 b5 16. c4 Rfb8 17. Qc1 Qb7 18. R3a2 Bd8 19. Ng3 Qc8 20. Qc3 b4 21. Qd2 Kh7 22. Ra4 Bd7 23. R4a2 Be6 24. Nh2 g5 25. f3 Kg6 26. Kf2 Nh7 27. Ng4 a5 28. Ke2 Bb6 29. Bf2 h5 30. Ne3 h4 31. Ngf5 Qd7 32. Rg1 Nf6 33. g3 Nh5 34. gxh4 Nf4+ 35. Ke1 f6 36. hxg5 Nxh3 37. Rh1 Nxg5 38. Rh6+ Kf7 39. Ke2 Rh8 40. Bh4 Rxh6 41. Nxh6+ Kg6 42. Nhf5 Rh8 43. Ra1 Rh5 44. Rg1 Bd8 45. Rh1 Rh7 46. Qe1 Rh5 47. Ng3 Rh7 48. Nef5 Bxf5 49. Nxf5 Ne6 50. Rg1+ Kf7 51. Qg3 Ng5 52. Qg4 Qe6 53. Rh1 Rh8 54. Qg2 Rh7 55. Bxg5 Rxh1 56. Qxh1 fxg5 57. Qh7+ Kf8 58. Qh8+ Qg8 59. Qh6+ Ke8 60. Qxd6 Qh8 61. Qc6+ Kf7 62. Qd7+ Kg6 63. Qd6+ Kf7 64. Qxc5 Qh2+ 65. Qf2 Qxf2+ 66. Kxf2 Bb6+ 67. Kg3 Bc5 68. Kg2 Kf6 69. Kf1 Kg6 70. Ke2 Kf6 71. Ke1 Kf7 72. Kd1 Kf6 73. Ke2 Ke6 74. Kd2 Kf6 75. Ne3 Bd4 76. Nd5+ Ke6 77. Kc2 Kd6 78. Nf6 Ke7 79. Ng4 Ke6 80. Nh6 Kf6 81. Nf5 Bc5 82. d4 exd4 83. Kd3 Ke5 84. Ng7 Bb6 85. Nh5 Bc5 86. Ke2 Bb6 87. Ng3 Bc5 88. Nf1 Kf4 89. Nd2 Bb6 90. Kd3 Bc5 91. e5 Kxe5 92. Ne4 Be7 93. c5 Kd5 94. c6 Kxc6 95. Kxd4 Kb5 96. Ke5 a4 97. bxa4+ Kxa4 98. Nd2 b3 99. Kf5 Kb4 100. Ke6 Bc5 101. Nf1 Bd4 102. Nd2 Bxb2 103. Nb1 Bc1 104. Kd5 b2 105. Kd4 Kb3 106. Kd3 Ka2 107. Kc2 Ka1 108. Nc3 Bf4 109. Nb1 Be5 110. Na3 Ka2 111. Nb1 Bf6 112. Nd2 Bd4 113. Nb1 Bc5 114. Nc3+ Ka1 0-1

[Event "CYCC U10"]
[Site "Ottawa CAN"]
[Date "2013.07.12"]
[Round "6"]
[White "Feng, Devin"]
[Black "Kilroy, Sheldon"]
[Result "1-0"]
[WhiteElo "736"]
[BlackElo "902"]
[PlyCount "57"]
[GameId "2160767909318094"]
[EventDate "2013.07.10"]
[EventType "swiss"]
[EventRounds "6"]
[EventCountry "CAN"]
[SourceTitle "hb 2013"]

1. d4 d5 2. c4 dxc4 3. e4 Nf6 4. Nc3 Nc6 5. Nf3 Bg4 6. Be2 Bxf3 7. Bxf3 Nxd4 8. O-O Nxf3+ 9. Qxf3 Qd3 10. Qf4 e6 11. Qxc7 Nxe4 12. Qxb7 Nxc3 13. Qxa8+ Qd8 14. Qc6+ Qd7 15. Qxc4 Nd5 16. Rd1 Be7 17. Qd4 Bf6 18. Qg4 O-O 19. b3 Bxa1 20. Ba3 f5 21. Qf3 Rc8 22. Rxa1 Rc3 23. Qd1 Qc7 24. Qh5 g6 25. Qe2 Kf7 26. Re1 Nf4 27. Qb5 Rc2 28. Qb4 Rxa2 29. Qf8# 1-0

[Event "CYCC U10"]
[Site "Ottawa CAN"]
[Date "2013.07.12"]
[Round "6"]
[White "Feng, Richard"]
[Black "Zhang, Clark"]
[Result "1-0"]
[WhiteElo "1364"]
[BlackElo "994"]
[PlyCount "41"]
[GameId "2160767909318095"]
[EventDate "2013.07.10"]
[EventType "swiss"]
[EventRounds "6"]
[EventCountry "CAN"]
[SourceTitle "hb 2013"]

1. e4 c5 2. Nc3 Nc6 3. f4 e6 4. Nf3 d5 5. e5 d4 6. Ne2 b6 7. Ng3 Bb7 8. Bc4 Nge7 9. d3 Ng6 10. O-O Be7 11. f5 exf5 12. Nxf5 O-O 13. e6 f6 14. Qe1 a6 15. N3h4 Nxh4 16. Qxh4 Na5 17. Bh6 b5 18. Bb3 Nxb3 19. axb3 Re8 20. Nxg7 f5 21. Qh5 1-0